Management techniques : principles and practices (Record no. 169232)

MARC details
000 -LEADER
fixed length control field 00415nam a2200145Ia 4500
008 - FIXED-LENGTH DATA ELEMENTS--GENERAL INFORMATION
fixed length control field 231217s9999 xx 000 0 und d
041 ## - LANGUAGE CODE
Language code of text/sound track or separate title English
082 ## - DEWEY DECIMAL CLASSIFICATION NUMBER
Classification number 658 GOE;1 R
100 ## - MAIN ENTRY--PERSONAL NAME
Personal name Goel, S L Rajneesh, Shalini
245 #0 - TITLE STATEMENT
Title Management techniques : principles and practices
260 ## - PUBLICATION, DISTRIBUTION, ETC.
Date of publication, distribution, etc. 2002
Name of publisher, distributor, etc. New Delhi : Deep and Deep,
300 ## - PHYSICAL DESCRIPTION
Extent xvi+714
650 ## - SUBJECT ADDED ENTRY--TOPICAL TERM
Topical term or geographic name entry element Management,techniques,:,practices
942 ## - ADDED ENTRY ELEMENTS (KOHA)
Koha item type Books
Holdings
Date last seen Total checkouts Full call number Accession number Cost, total (INR) price Price effective from Category Lost status Damaged status Department Withdrawn status Home library Current library Entry date Vendor Cost, normal purchase price Grants Billnumber Billdate Currency symbol Conversion rate Discount Old discount
26/01/2024   658 GOE;1 R 22046 323.00 26/01/2024 Books     Central Library   Central Library Central Library 05/06/2003 Corporate book world 380.00 MBA 15 11/02/2005 RS 1 57 15

© For any Suggestions or Query, please contact the library staff @ librarian@pes.edu or Phone: +9180 2672 1983/ 2108.